| 000 | 00687cam a22002173a 4500 | ||
|---|---|---|---|
| 001 | 45375 | ||
| 003 | PGUSA | ||
| 005 | 20140828084040.0 | ||
| 008 | 140414s2014||||xxu|||||s|||||000 | eng d | ||
| 040 |
_aPGUSA _beng |
||
| 042 | _adc | ||
| 100 | 1 |
_aStrindberg, August, _d1849-1912 |
|
| 245 | 1 | 0 |
_aPlays—First Series : _bThe Dream Play - The Link - The Dance of Death Part I and II _h[electronic resource] / _cAugust Strindberg |
| 260 |
_bProject Gutenberg, _c2014 |
||
| 506 | _aPublic domain in the USA. | ||
| 516 | _aElectronic text | ||
| 700 | 1 |
_aBjörkman, Edwin, _d1866-1951 |
|
| 830 | 0 |
_aProject Gutenberg _v45375 |
|
| 856 | 4 | 0 | _uhttp://www.gutenberg.org/ebooks/45375 |
| 942 | _cEB | ||
| 999 |
_c274626 _d274626 |
||